000 00587nam a2200217 a 4500
008
020 _a0750644737 (pbk.)
049 _aMAIN
090 0 0 _aTH9735
100 1 _aHoney, Gerard.
245 1 0 _aElectronic access control /
_cGerard Honey.
260 _aOxford :
_bNewnes,
_c2000.
300 _avi,219 p. :
_bill. ;
_c24 cm.
500 _aIncludes index.
650 0 _aElectronic locking devices.
907 _a.b10119759
_b30-04-04
_c29-04-04
003
005 20230123133706.0
040 _cNUST
942 _cBOOKS
_kTH9735
999 _c152973
_d152973